|
|
|
|
| LEADER |
00792nam a2200253 a 4500 |
| 001 |
000986731 |
| 003 |
CZ BrMZK |
| 005 |
20180906140312.0 |
| 007 |
ta |
| 008 |
010907s1990 gw 000 0 ger d |
| 020 |
|
|
|a 3-7873-1017-7
|
| 040 |
|
|
|a BOA001
|b cze
|
| 100 |
1 |
|
|a Kant, Immanuel,
|d 1724-1804
|7 jn19990004171
|4 aut
|
| 245 |
1 |
0 |
|a Kritik der reinen Vernunft /
|c Immanuel Kant
|
| 250 |
|
|
|a 3. Aufl.
|
| 260 |
|
|
|a Hamburg :
|b F. Meiner,
|c 1990
|
| 300 |
|
|
|a 868 s.
|
| 490 |
1 |
|
|a Philosophische Bibliothek ;
|v Bd. 37 a
|
| 653 |
|
|
|a filozofie
|
| 830 |
|
0 |
|a Philosophische Bibliothek (F. Meiner)
|
| 910 |
|
|
|a BOA001
|b NK-0002.805
|
| 990 |
|
|
|a BK
|
| 991 |
|
|
|z 000013852
|x 44
|
| 996 |
7 |
|
|b 261D003610
|c NK-0002.805
|l Německá knihovna/2.patro
|r ZHR
|n 12
|p {PH-02.805}
|h PH
|w 000986731
|u 000010
|a 0
|e BOA001
|j MZK50
|s A
|